000
00283nam a22001337a 4500
008
210226b ||||| |||| 00| 0 eng d
020
_a
2900697076549
041
_a
eng
080
_2
3th
_a
510
100
_a
36
101
_a
MAT
245
_a
ALgebra
_c
Wesner,H.T
942
_2
udc
_c
BK
999
_c
55304
_d
55304